000 01332nad a2200385 a 4500
001 MIU01000000000000005121430
003 MiU
005 20231010141118.0
007 cr mnummmmuuuu
008 860924s1986 at af sb 001 0 eng d
010 _z86207509
020 _z0195546679
024 7 _a2027/heb03382
_2hdl
040 _aMiU
_cMiU
090 _aHD8842.A874
_b(INTERNET)
100 1 _aMerritt, John,
_d1936-
_937659
245 1 4 _aThe making of the AWU
_h[electronic resource] /
_cJohn Merritt.
300 _ax, 432 p., [16] p. of plates :
_bill. ;
_c23 cm.
504 _aIncludes bibliographical references and index.
610 2 0 _aAustralian Workers' Union
_xHistory.
_937660
650 0 _zAustralia
_xHistory.
_937661
650 0 _zAustralia
_xHistory.
_937661
830 0 _aACLS Humanities E-Book.
_937662
856 4 0 _zVolltext
_uhttps://hdl.handle.net/2027/heb03382
942 _cEB
500 _aE-Book-ACLS / Zugriff nur im DHI-Lesesaal
653 _aLabor unions
653 _aSheep shearers (Persons)
336 _2rdacontent
_btxt
_aText
337 _2rdamedia
_bbc
_aComputermedien
338 _2rdacarrier
_bcr
_aOnline Ressource
264 _aMelbourne ;
_bOxford University Press,
_c1986.
041 _aeng
500 _aAmerican Council of Learned Societies/ https://www.humanitiesebook.org/about/
999 _c65473
_d65473